| 000 | 00427nam a2200193Ia 4500 | ||
|---|---|---|---|
| 999 |
_c30585 _d30585 |
||
| 003 | 0100 | ||
| 005 | 20190219090413.0 | ||
| 008 | 130303s9999 xx 000 0 und d | ||
| 040 | _cARRUPELIB | ||
| 050 | _aBD450.S766 1974 | ||
| 100 |
_aStevenson, Leslie _944729 |
||
| 245 |
_aSeven Theories of Human Nature _cLeslie Stevenson |
||
| 260 |
_aNew York _bOxford University Press _c1987 |
||
| 300 |
_ax, 128p. ; _c23cm. |
||
| 650 |
_aMan _917934 |
||
| 942 | 0 | 0 |
_016 _2lcc _cMONOGRAPH |